Binary 1-50 - Statistics

General Stats
  • This quiz has been taken 404 times
  • The average score is 43 of 50
Answer Stats
Decimal Binary % Correct
1 1
100%
2 10
99%
3 11
99%
4 100
96%
5 101
96%
6 110
95%
7 111
95%
8 1000
94%
9 1001
94%
10 1010
94%
11 1011
94%
12 1100
93%
13 1101
93%
14 1110
93%
15 1111
93%
16 10000
91%
17 10001
91%
18 10010
91%
19 10011
91%
20 10100
90%
21 10101
90%
22 10110
90%
23 10111
88%
24 11000
87%
25 11001
86%
26 11010
86%
27 11011
85%
28 11100
85%
29 11101
85%
30 11110
84%
32 100000
83%
33 100001
83%
34 100010
83%
31 11111
83%
35 100011
80%
36 100100
79%
37 100101
79%
38 100110
79%
39 100111
78%
40 101000
77%
41 101001
76%
42 101010
76%
43 101011
75%
44 101100
74%
45 101101
73%
46 101110
72%
47 101111
71%
48 110000
71%
49 110001
71%
50 110010
70%
No matching quizzes found
Score Distribution
Percent of People with Each Score
Percentile by Number Answered
Your Score History
You have not taken this quiz